[Event "29. Friedensfest-Open (AFRO-A)"]
[Site "Augsburg"]
[Date "2024.08.10"]
[Round "5.2"]
[White "Soergel, Thomas"]
[Black "Alvir, Aco"]
[Result "0-1"]
[WhiteElo "2010"]
[BlackElo "2290"]
[EventDate "2024.08.08"]
[Time "09:30:00"]
[WhiteNrv "2010"]
[BlackNrv "2290"]
[WhiteTwz "2010"]
[BlackTwz "2290"]
[BlackTitle "IM"]
[WhiteFideId "4667980"]
[BlackFideId "14400367"]
[WhiteNatFedId "10209978"]
[BlackNatFedId "10496782"]
[WhiteAttr "M"]
[BlackAttr "M"]
[WhiteTeam "SK Graefelfing"]
[BlackTeam "Muenchener SC 1836 e.V."]
[PlyCount "0"]

1.c4 c5 2.Nc3 g6 3.g3 Bg7 4.Bg2 Nc6 5.Nf3 e6 6.O-O Nge7 7.e3 Nf5 8.b3 O-O 
9.Bb2 d6 10.Na4 e5 11.Ne1 Bd7 12.Nc2 Rb8 13.Nc3 a6 14.Nd5 b5 15.d3 Nfe7 
16.Bc3 Nxd5 17.Bxd5 Ne7 18.Bg2 Be6 19.cxb5 axb5 20.d4 exd4 21.exd4 Nf5 22.
g4 Nh4 23.Ne3 Nxg2 24.Kxg2 Qb6 25.Nc2 Rfc8 26.f3 cxd4 27.Bxd4 Rxc2+ 28.
Qxc2 Qxd4 29.Rad1 Qf4 30.Qd2 Be5 31.Qxf4 Bxf4 32.h4 h6 33.Rd4 Be5 34.Rd2 
b4 35.f4 Bc3 36.Rxd6 Bxg4 37.Rc6 Be6 38.Rc7 Bd5+ 39.Kh2 Ra8 40.Rf2 h5 41.
Re2 Be6 42.Kg3 Kf8 0-1

[Event "29. Friedensfest-Open (AFRO-A)"]
[Site "Augsburg"]
[Date "2024.08.10"]
[Round "5.3"]
[White "Gibicar, Danijel"]
[Black "Duong, Quang Bach"]
[Result "1/2-1/2"]
[WhiteElo "2269"]
[BlackElo "2100"]
[EventDate "2024.08.08"]
[Time "09:30:00"]
[WhiteNrv "2269"]
[BlackNrv "2100"]
[WhiteTwz "2269"]
[BlackTwz "2100"]
[WhiteTitle "FM"]
[WhiteFideId "24660256"]
[BlackFideId "16287045"]
[WhiteNatFedId "10060994"]
[BlackNatFedId "10626174"]
[WhiteAttr "M"]
[BlackAttr "M"]
[WhiteTeam "SC Eppingen"]
[BlackTeam "SF Augsburg"]
[PlyCount "0"]

1.d4 Nf6 2.Nf3 d5 3.e3 c5 4.b3 cxd4 5.exd4 Bg4 6.Be2 Nc6 7.O-O e6 8.Bb2 
Be7 9.Ne5 Bxe2 10.Qxe2 Qb6 11.Nd2 O-O 12.Ndf3 Rac8 13.Rfd1 Rfd8 14.Nxf7 
Kxf7 15.Ng5+ Kg6 16.Nxe6 Re8 17.c4 Nd8 18.Nf4+ Kf7 19.Nxd5 Nxd5 20.Qh5+ 
Kf8 21.Qxd5 Rc6 22.Qf5+ Rf6 23.Qxh7 Rh6 24.Qd3 Qc7 25.h3 Ne6 26.Re1 Nf4 
27.Qf3 Kg8 28.Bc1 Rf6 29.Ba3 Ne6 30.Qh5 Qd7 31.Bxe7 Rxe7 32.Qe5 Rff7 33.d5
Nf4 34.Qg5 Qd6 35.Qg4 Qf6 36.Kh2 Ne2 37.Rad1 Qe5+ 38.Kh1 Rf4 39.Qc8+ Re8 
40.Qxb7 Rxf2 41.d6 Rf7 42.d7 Ng3+ 43.Kg1 Qxe1+ 44.Rxe1 Rxe1+ 45.Kh2 Nf1+ 
46.Kg1 Ng3+ 1/2-1/2

[Event "29. Friedensfest-Open (AFRO-A)"]
[Site "Augsburg"]
[Date "2024.08.10"]
[Round "5.4"]
[White "Ovsepyan, Arshak"]
[Black "Brand, Leonhard"]
[Result "1-0"]
[WhiteElo "2208"]
[BlackElo "1981"]
[EventDate "2024.08.08"]
[Time "09:30:00"]
[WhiteNrv "2208"]
[BlackNrv "1981"]
[WhiteTwz "2208"]
[BlackTwz "1981"]
[WhiteFideId "24690236"]
[BlackFideId "34649646"]
[WhiteNatFedId "10262433"]
[BlackNatFedId "10655780"]
[WhiteAttr "M"]
[BlackAttr "M"]
[WhiteTeam "SK Graefelfing"]
[BlackTeam "SK Freising"]
[PlyCount "0"]

1.e4 e6 2.b3 d5 3.Bb2 Nc6 4.Bb5 Bd7 5.Qe2 dxe4 6.Nc3 Nd4 7.Bxd7+ Qxd7 8.
Qxe4 O-O-O 9.Nge2 e5 10.O-O-O Nf6 11.Qxe5 Nc6 12.Qg3 Bd6 13.f4 Rhg8 14.Qf3
Qe7 15.Rhe1 Ba3 16.Qh3+ Kb8 17.Nd4 Bxb2+ 18.Kxb2 Qd6 19.Nxc6+ Qxc6 20.d4 
Nd5 21.Nxd5 Qxd5 22.Re5 Qd6 23.Qxh7 f6 24.Re4 Qd5 25.Qg6 c5 26.c4 Qd6 27.
d5 b5 28.cxb5 Qb6 29.a4 Qd6 30.g3 Qd7 31.Rd2 Rde8 32.d6 f5 33.Re5 Rxe5 34.
fxe5 Re8 35.Rd5 a6 36.Rxc5 Rc8 37.Rxc8+ Kxc8 38.e6 Qxd6 39.Qe8+ Kc7 40.
Qd7+ Qxd7 41.exd7 axb5 42.axb5 g5 43.Kc3 Kxd7 44.Kd4 Kd6 45.b4 1-0

[Event "29. Friedensfest-Open (AFRO-A)"]
[Site "Augsburg"]
[Date "2024.08.10"]
[Round "5.5"]
[White "Reis, Thomas"]
[Black "Doll, Luca Fabio"]
[Result "1-0"]
[WhiteElo "2195"]
[BlackElo "1908"]
[EventDate "2024.08.08"]
[Time "09:30:00"]
[WhiteNrv "2195"]
[BlackNrv "1908"]
[WhiteTwz "2195"]
[BlackTwz "1908"]
[WhiteFideId "4678699"]
[BlackFideId "16282299"]
[WhiteNatFedId "10174084"]
[BlackNatFedId "10672379"]
[WhiteAttr "M"]
[BlackAttr "*"]
[WhiteTeam "SK Kriegshaber"]
[BlackTeam "TSV Langenau"]
[PlyCount "0"]

1.d4 d5 2.Nf3 Nf6 3.c4 e6 4.e3 Bb4+ 5.Nbd2 Ne4 6.Qa4+ Nc6 7.a3 Bxd2+ 8.
Nxd2 Nxd2 9.Bxd2 O-O 10.Bc3 Ne7 11.Qc2 b6 12.Bd3 h6 13.O-O Ba6 14.cxd5 
Bxd3 15.Qxd3 Nxd5 16.Rac1 Nxc3 17.Rxc3 c5 18.dxc5 Qxd3 19.Rxd3 bxc5 20.g4 
Rab8 21.b3 Rb7 22.Rc1 Rfb8 23.Rcc3 Rb6 24.Kg2 Ra6 25.a4 Rab6 26.Kg3 Rc6 
27.Rd7 a6 28.Ra7 Rd8 29.Rb7 Rd5 30.Rc4 Rdd6 31.Rb8+ Kh7 32.h4 g6 33.Rb7 
Kg8 34.g5 hxg5 35.hxg5 Rd5 36.Kg4 Kg7 37.b4 Kf8 38.f3 Ke8 39.a5 Rd7 40.
Rb8+ Ke7 41.bxc5 Rdc7 42.Rb6 Rxc5 43.Rxc5 Rxc5 44.Rxa6 Rc4+ 45.e4 Kf8 46.
Ra8+ Kg7 47.a6 Ra4 48.Kf4 Ra3 49.e5 Ra4+ 50.Ke3 Ra5 51.Ke4 Kh7 52.f4 Ra4+ 
53.Ke3 Kg7 54.Kd3 Rxf4 55.Rd8 Ra4 56.Rd6 Ra5 57.Kd4 Kf8 58.Rb6 Kg7 59.Kc4 
Rxe5 60.Rb5 Re1 61.Kc5 Ra1 62.Kb6 Rd1 63.a7 Rd8 64.Kc7 Re8 65.Kb7 f6 66.
a8=Q Rxa8 67.Kxa8 fxg5 68.Kb7 g4 69.Kc6 Kf6 70.Kd6 g3 71.Rb3 Kf5 72.Rxg3 
g5 73.Rg1 g4 74.Kc5 Kf4 75.Kd4 Kf3 76.Kd3 g3 77.Rf1+ Kg2 78.Ke2 Kh2 79.Rf6
g2 80.Rh6+ Kg1 81.Rxe6 Kh2 82.Rh6+ Kg1 83.Rg6 1-0

[Event "29. Friedensfest-Open (AFRO-A)"]
[Site "Augsburg"]
[Date "2024.08.10"]
[Round "5.6"]
[White "Vuckovic, Zarko"]
[Black "Langner, Robin"]
[Result "1-0"]
[WhiteElo "2353"]
[BlackElo "1968"]
[EventDate "2024.08.08"]
[Time "09:30:00"]
[WhiteNrv "2353"]
[BlackNrv "1968"]
[WhiteTwz "2353"]
[BlackTwz "1968"]
[WhiteFideId "12952087"]
[BlackFideId "34606190"]
[WhiteNatFedId "10284643"]
[BlackNatFedId "10724137"]
[WhiteAttr "M"]
[BlackAttr "M"]
[WhiteTeam "SF Augsburg"]
[BlackTeam "SK Freiburg-Zaehringen 1887 e.V."]
[PlyCount "0"]

1.d4 Nf6 2.Nf3 g6 3.Nbd2 Bg7 4.e4 O-O 5.Bd3 d5 6.e5 Nh5 7.O-O c5 8.c3 Nc6 
9.Re1 cxd4 10.cxd4 Nf4 11.Bf1 Bf5 12.Nb3 Ne6 13.Nh4 Qb6 14.Be3 a5 15.Qd2 
a4 16.Nc5 Nxc5 17.dxc5 Qc7 18.Nxf5 gxf5 19.f4 Rfd8 20.b4 axb3 21.axb3 e6 
22.b4 f6 23.Rxa8 Rxa8 24.b5 Na5 25.exf6 Bxf6 26.Bf2 Nb3 27.Qb4 1-0

[Event "29. Friedensfest-Open (AFRO-A)"]
[Site "Augsburg"]
[Date "2024.08.10"]
[Round "5.7"]
[White "Eichschmied, Patrick"]
[Black "Wolf, Armin"]
[Result "1/2-1/2"]
[WhiteElo "1956"]
[BlackElo "2216"]
[EventDate "2024.08.08"]
[Time "09:30:00"]
[WhiteNrv "1956"]
[BlackNrv "2216"]
[WhiteTwz "1956"]
[BlackTwz "2216"]
[BlackTitle "FM"]
[WhiteFideId "24683663"]
[BlackFideId "4685954"]
[WhiteNatFedId "10043123"]
[BlackNatFedId "10245952"]
[WhiteAttr "M"]
[BlackAttr "M"]
[WhiteTeam "MTV Ingolstadt"]
[BlackTeam "SAbt TSV Haunstetten"]
[PlyCount "0"]

1.e4 c6 2.Nf3 d5 3.exd5 cxd5 4.Ne5 a6 5.d4 Nc6 6.c3 Nxe5 7.dxe5 Bf5 8.Nd2 
e6 9.Nf3 Ne7 10.Nd4 Rc8 11.Nxf5 Nxf5 12.Bd3 g6 13.O-O Bg7 14.Qe2 O-O 15.
Re1 Rc6 16.Bf4 f6 17.Rad1 fxe5 18.Bxe5 Bxe5 19.Qxe5 Qf6 20.Qxf6 Rxf6 21.f4
Rf8 22.g3 1/2-1/2

[Event "29. Friedensfest-Open (AFRO-A)"]
[Site "Augsburg"]
[Date "2024.08.10"]
[Round "5.9"]
[White "Edelmann, Oliver"]
[Black "Zill, Christoph"]
[Result "0-1"]
[WhiteElo "1944"]
[BlackElo "2140"]
[EventDate "2024.08.08"]
[Time "09:30:00"]
[WhiteNrv "1944"]
[BlackNrv "2140"]
[WhiteTwz "1944"]
[BlackTwz "2140"]
[BlackTitle "FM"]
[WhiteFideId "16272650"]
[BlackFideId "4688856"]
[WhiteNatFedId "10703890"]
[BlackNatFedId "10250521"]
[WhiteAttr "M"]
[BlackAttr "M"]
[WhiteTeam "SK Graefelfing"]
[BlackTeam "SK Freising"]
[PlyCount "0"]

1.d4 Nf6 2.c4 e6 3.Nc3 Bb4 4.e3 O-O 5.Ne2 d5 6.a3 Be7 7.Nf4 c6 8.cxd5 exd5
9.Bd3 Re8 10.O-O Nbd7 11.Qc2 Nf8 12.Rd1 Ng6 13.Nxg6 hxg6 14.Bd2 Bd6 15.h3 
Be6 16.b4 Qd7 17.Bf1 Bf5 18.Qb2 g5 19.e4 Nxe4 20.Nxe4 Bxe4 21.Bxg5 Qf5 22.
Be3 Re6 23.Be2 Qh7 24.Bg4 f5 25.Be2 Rg6 26.Bf1 Qxh3 27.f3 Bxf3 28.Bg5 Rxg5
29.Rd3 Bh2+ 30.Kf2 Rxg2+ 31.Ke1 Re8+ 0-1

[Event "29. Friedensfest-Open (AFRO-A)"]
[Site "Augsburg"]
[Date "2024.08.10"]
[Round "5.10"]
[White "Seyb, Dieter"]
[Black "Haselbeck, Franz"]
[Result "1-0"]
[WhiteElo "2138"]
[BlackElo "1929"]
[EventDate "2024.08.08"]
[Time "09:30:00"]
[WhiteNrv "2138"]
[BlackNrv "1929"]
[WhiteTwz "2138"]
[BlackTwz "1929"]
[WhiteTitle "FM"]
[WhiteFideId "4603346"]
[BlackFideId "1270356"]
[WhiteNatFedId "10207061"]
[BlackNatFedId "10075444"]
[WhiteAttr "M"]
[BlackAttr "M"]
[WhiteTeam "FSV Grossenseebach"]
[BlackTeam "SG Traunstein/Traunreut e.V."]
[PlyCount "0"]

1.e4 d5 2.exd5 Qxd5 3.Nc3 Qd8 4.d4 Nf6 5.Bc4 c6 6.Nf3 Bf5 7.Ne5 e6 8.O-O 
Nbd7 9.Bb3 Be7 10.Qe2 O-O 11.Bg5 h6 12.Bf4 Nd5 13.Nxd5 cxd5 14.a4 Nxe5 15.
Bxe5 Bf6 16.a5 Bxe5 17.Qxe5 Rc8 18.Rfc1 Qg5 19.Qe3 Qg6 20.c3 Rc7 21.Bd1 
Bd3 22.Ra3 Rfc8 23.Rb3 Bc4 24.Rb4 Qg5 25.Ra1 Qxe3 26.fxe3 Kf8 27.Kf2 Ke7 
28.Bf3 Kd6 29.Ra3 f6 30.e4 Re8 31.Ra1 f5 32.e5+ Kd7 33.Ke3 g5 34.g3 g4 35.
Bd1 Kc8 36.b3 Ba6 37.Rc1 h5 38.c4 h4 39.Be2 hxg3 40.hxg3 Rh8 41.Ra4 Rh3 
42.Rg1 Rf7 43.Kf4 Rh2 44.Bd1 Rd7 45.Ke3 Rh3 46.cxd5 Rxd5 47.Ra2 f4+ 48.
Kxf4 Rxd4+ 49.Kg5 Rh8 50.Ra4 Rg8+ 51.Kf6 Rxa4 52.bxa4 Bc4 53.Bc2 Bd5 54.
Rc1 Kd7 55.Rd1 Ke8 56.Bg6+ Kd7 57.Bf7 Rf8 58.Rxd5+ exd5 59.e6+ Kd6 60.e7 
Rc8 61.e8=Q Rxe8 62.Bxe8 d4 63.Bh5 Kc5 64.Bxg4 b5 65.axb6 axb6 66.Bd1 1-0

[Event "29. Friedensfest-Open (AFRO-A)"]
[Site "Augsburg"]
[Date "2024.08.10"]
[Round "5.11"]
[White "Foerch, Benedikt"]
[Black "Hennig, Konrad"]
[Result "1-0"]
[WhiteElo "2102"]
[BlackElo "1912"]
[EventDate "2024.08.08"]
[Time "09:30:00"]
[WhiteNrv "2102"]
[BlackNrv "1912"]
[WhiteTwz "2102"]
[BlackTwz "1912"]
[WhiteFideId "16228758"]
[BlackFideId "34622519"]
[WhiteNatFedId "10052041"]
[BlackNatFedId "10777014"]
[WhiteAttr "M"]
[BlackAttr "M"]
[WhiteTeam "SK Neuburg"]
[BlackTeam "FC Bayern Muenchen e.V."]
[PlyCount "0"]

1.Nf3 e6 2.g3 d5 3.Bg2 c5 4.O-O Nc6 5.d4 Nf6 6.c4 cxd4 7.Nxd4 Bc5 8.Nb3 
Bb6 9.cxd5 Nxd5 10.Bd2 O-O 11.Nc3 Nce7 12.e4 Nxc3 13.Bxc3 Bd7 14.Qg4 e5 
15.Qh5 Nc6 16.Rad1 Qe7 17.Bh3 Be6 18.Bxe6 fxe6 19.Rd3 Rf6 20.Qd1 Rf7 21.
Rf3 Raf8 22.Rxf7 Rxf7 23.Kg2 Qf8 24.Qe2 g6 25.f3 Rd7 26.Rd1 Qd8 27.Rxd7 
Qxd7 28.Qd2 Qxd2+ 29.Bxd2 Bd4 30.Nxd4 exd4 31.Kf2 Kf7 32.Ke2 e5 33.Kd3 b5 
34.a4 a6 35.axb5 axb5 36.Bh6 Nb4+ 37.Kd2 Ke6 38.f4 Nc6 39.Bg7 g5 40.fxg5 
Kf7 41.Bh8 Kg6 42.h4 Kh5 43.Kd3 Kg4 44.Bf6 Nb4+ 45.Ke2 Nc6 46.Kf2 Kh5 47.
Kf3 Kg6 48.g4 h5 49.gxh5+ Kxh5 50.Kg3 b4 51.Kf3 Kg6 52.Kg4 b3 53.h5+ Kf7 
54.Kf3 d3 55.Ke3 Nd4 56.Kxd3 Ne6 57.Kc4 Nf4 58.h6 Kg6 59.Bxe5 Nh3 60.Bf6 
1-0

[Event "29. Friedensfest-Open (AFRO-A)"]
[Site "Augsburg"]
[Date "2024.08.10"]
[Round "5.12"]
[White "Latka, Robert"]
[Black "Lichtenstern, Benjamin"]
[Result "1-0"]
[WhiteElo "1837"]
[BlackElo "2070"]
[EventDate "2024.08.08"]
[Time "09:30:00"]
[WhiteNrv "1837"]
[BlackNrv "2070"]
[WhiteTwz "1837"]
[BlackTwz "2070"]
[WhiteFideId "24690074"]
[BlackFideId "24627020"]
[WhiteNatFedId "10124815"]
[BlackNatFedId "10128465"]
[WhiteAttr "M"]
[BlackAttr "M"]
[WhiteTeam "fuss brothers Jena"]
[BlackTeam "FC Bayern Muenchen e.V."]
[PlyCount "0"]

1.e4 c6 2.d4 d5 3.exd5 cxd5 4.Bd3 Nc6 5.c3 Nf6 6.Bf4 Bg4 7.Qb3 Qd7 8.Nd2 
Nh5 9.Be3 e6 10.Ngf3 Bf5 11.Bxf5 exf5 12.Ne5 Nxe5 13.dxe5 g6 14.Nf3 f4 15.
Bd4 Ng7 16.e6 fxe6 17.Ne5 Qc7 18.Qa4+ Ke7 19.O-O Kf6 20.Ng4+ Ke7 21.Bf6+ 
Kf7 22.Be5 Qc4 23.Qd7+ Be7 24.Bxg7 Qc8 25.Ne5+ Kxg7 26.Qxe7+ Kh6 27.Nf7+ 
Kg7 28.Nd6+ 1-0

[Event "29. Friedensfest-Open (AFRO-A)"]
[Site "Augsburg"]
[Date "2024.08.10"]
[Round "5.13"]
[White "Kaufmann, Thorsten"]
[Black "Zieringer, Sebastian"]
[Result "1/2-1/2"]
[WhiteElo "2057"]
[BlackElo "1892"]
[EventDate "2024.08.08"]
[Time "09:30:00"]
[WhiteNrv "2057"]
[BlackNrv "1892"]
[WhiteTwz "2057"]
[BlackTwz "1892"]
[WhiteFideId "24647950"]
[BlackFideId "16222008"]
[WhiteNatFedId "10101131"]
[BlackNatFedId "10288090"]
[WhiteAttr "M"]
[BlackAttr "M"]
[WhiteTeam "SK Sontheim/Brenz e.V."]
[BlackTeam "SK Graefelfing"]
[PlyCount "0"]

1.e4 c6 2.d4 d5 3.Nc3 dxe4 4.Nxe4 Nf6 5.Ng5 c5 6.Bc4 e6 7.Be3 cxd4 8.Qxd4 
Qxd4 9.Bxd4 Nc6 10.N1f3 Nxd4 11.Nxd4 a6 12.O-O Bc5 13.Rad1 O-O 14.Rfe1 h6 
15.Ngf3 Rd8 16.Nb3 Rxd1 17.Rxd1 Be7 18.Ne5 b5 19.Be2 Bb7 20.c4 bxc4 21.
Bxc4 a5 22.Nd7 a4 23.Nc1 1/2-1/2

[Event "29. Friedensfest-Open (AFRO-A)"]
[Site "Augsburg"]
[Date "2024.08.10"]
[Round "5.14"]
[White "Merkel, Luis"]
[Black "Heilig, Tim Markus"]
[Result "1/2-1/2"]
[WhiteElo "2053"]
[BlackElo "1851"]
[EventDate "2024.08.08"]
[Time "09:30:00"]
[WhiteNrv "2053"]
[BlackNrv "1851"]
[WhiteTwz "2053"]
[BlackTwz "1851"]
[WhiteFideId "12972800"]
[BlackFideId "16295935"]
[WhiteNatFedId "10407203"]
[BlackNatFedId "10692999"]
[WhiteAttr "M"]
[BlackAttr "M"]
[WhiteTeam "SG Buechenbach/Roth e.V."]
[BlackTeam "SF 1876 Goeppingen"]
[PlyCount "0"]

1.d4 a6 2.e4 e6 3.Nf3 d5 4.Nbd2 Nf6 5.Bd3 c5 6.exd5 cxd4 7.dxe6 Bxe6 8.Nb3
Bxb3 9.axb3 Nc6 10.O-O Be7 11.Re1 O-O 12.Ra4 Bc5 13.Bg5 Qd6 14.Nd2 Bb4 15.
Ne4 Nxe4 16.Rxe4 Rae8 17.Qe2 Rxe4 18.Qxe4 f5 19.Qe2 Qg6 20.h4 Re8 21.Qf3 
Qd6 22.Ra1 g6 23.h5 b5 24.Bf4 Ne5 25.Qb7 Re7 26.Qa8+ Kf7 27.Bg5 Ng4 28.
hxg6+ hxg6 29.Bxe7 Qh2+ 30.Kf1 Bxe7 31.Qd5+ Kg7 32.Ke2 Qf4 33.Qf3 Qe5+ 34.
Kd1 Qh2 35.Rxa6 Qg1+ 36.Ke2 Nh2 37.Rxg6+ Kxg6 38.Qxf5+ Kg7 39.Qh7+ Kf6 40.
Qf5+ Kg7 1/2-1/2

[Event "29. Friedensfest-Open (AFRO-A)"]
[Site "Augsburg"]
[Date "2024.08.10"]
[Round "5.15"]
[White "Brem, Stephan"]
[Black "Mayer, Manuel"]
[Result "1-0"]
[WhiteElo "2043"]
[BlackElo "1832"]
[EventDate "2024.08.08"]
[Time "09:30:00"]
[WhiteNrv "2043"]
[BlackNrv "1832"]
[WhiteTwz "2043"]
[BlackTwz "1832"]
[WhiteFideId "4617266"]
[BlackFideId "34636838"]
[WhiteNatFedId "10024047"]
[BlackNatFedId "10762354"]
[WhiteAttr "*"]
[BlackAttr "M"]
[WhiteTeam "SK Muenchen Suedost e.V."]
[BlackTeam "TSV Landsberg 1882"]
[PlyCount "0"]

1.b3 d5 2.Bb2 Nf6 3.e3 Bf5 4.f4 e6 5.Nf3 Be7 6.g3 c5 7.Bg2 Nc6 8.O-O h6 9.
Ne5 Nxe5 10.fxe5 Nd7 11.Bxd5 Bxc2 12.Qf3 O-O 13.Bxb7 Rb8 14.Be4 Bxe4 15.
Qxe4 Rb4 16.Qc2 Qb8 17.Bc3 Rg4 18.d4 Bg5 19.Qd3 Rd8 20.Nd2 Nxe5 21.Qe2 
Bxe3+ 22.Qxe3 cxd4 23.Qe2 dxc3 24.Nf3 Qb6+ 25.Kg2 Ng6 26.Qc2 Qc6 27.Kh3 
Re4 28.Rad1 Rxd1 29.Rxd1 Re3 30.Nh4 Nf4+ 31.Kg4 Nd5 32.Ng2 Qb5 33.Rxd5 
Qb4+ 34.Kh3 Rxg3+ 35.hxg3 exd5 36.Qd3 Qc5 37.Ne3 d4 38.Nc2 Qh5+ 39.Kg2 Qg6
40.Qxg6 fxg6 41.Ne1 Kf7 42.Kf3 Kf6 43.Ke4 Kg5 44.b4 Kg4 45.b5 Kxg3 46.a4 
Kf2 47.Nd3+ Kg2 48.a5 h5 49.b6 axb6 50.axb6 h4 51.b7 h3 52.Nf4+ Kf1 53.
b8=Q c2 54.Nd3 Kg2 55.Qb2 h2 56.Qxc2+ Kg1 57.Qf2+ Kh1 58.Qf1# 1-0

[Event "29. Friedensfest-Open (AFRO-A)"]
[Site "Augsburg"]
[Date "2024.08.10"]
[Round "5.16"]
[White "Blodig, Vincent"]
[Black "Steinberger, Michael"]
[Result "1/2-1/2"]
[WhiteElo "2034"]
[BlackElo "1819"]
[EventDate "2024.08.08"]
[Time "09:30:00"]
[WhiteNrv "2034"]
[BlackNrv "1819"]
[WhiteTwz "2034"]
[BlackTwz "1819"]
[WhiteFideId "16297857"]
[BlackFideId "34622373"]
[WhiteNatFedId "10680650"]
[BlackNatFedId "10612014"]
[WhiteAttr "M"]
[BlackAttr "M"]
[WhiteTeam "SF Augsburg"]
[BlackTeam "SF Augsburg"]
[PlyCount "0"]

1.e4 d5 2.exd5 Qxd5 3.Nf3 Bg4 4.Be2 Nc6 5.h3 Bxf3 6.Bxf3 Qe6+ 7.Qe2 Qxe2+ 
8.Bxe2 Nd4 9.Bd1 e5 10.d3 f6 11.Nd2 O-O-O 12.Nf3 Nxf3+ 13.Bxf3 Ne7 14.h4 
Nc6 15.Bxc6 bxc6 16.Bd2 Bc5 17.h5 Bd4 18.h6 g6 19.O-O-O Rd6 20.f3 Re6 21.
Rde1 Rhe8 22.Re2 Kd7 23.a4 a6 24.b3 Bc5 25.Bc3 Bd4 26.Bb4 Rb8 27.Bd2 Rbe8 
28.Kd1 Bc5 29.Bc3 Bf8 30.g4 g5 31.Kd2 Rb8 32.Re4 Bd6 33.Rh5 Ke7 34.Rc4 c5 
35.Ke3 Kf7 36.Ke4 Be7 37.Kf5 Reb6 38.Rh2 Rd8 39.Re2 Rd5 40.Ree4 Rb7 41.Bb2
Rb4 42.Rxb4 cxb4 43.Rc4 c5 44.Re4 a5 45.Rc4 Bd6 46.Ke4 Ke6 47.c3 Bc7 48.
cxb4 axb4 49.Bc1 Rd4+ 50.Rxd4 cxd4 51.Bd2 Ba5 52.Be1 Kd6 53.Kf5 Ke7 54.Bg3
Bc7 55.Bf2 Bb6 56.Be1 Ba5 57.Bd2 Kf7 58.Bxg5 fxg5 59.Kxe5 Bb6 60.Kf5 Bd8 
61.Ke5 Bb6 62.Kd6 Kf6 63.Kd5 Ke7 64.Ke5 Kf7 65.Kf5 Bd8 66.Ke5 1/2-1/2

[Event "29. Friedensfest-Open (AFRO-A)"]
[Site "Augsburg"]
[Date "2024.08.10"]
[Round "5.17"]
[White "Franke, Maximilian"]
[Black "Gruettner, Ralf"]
[Result "1/2-1/2"]
[WhiteElo "1834"]
[BlackElo "1997"]
[EventDate "2024.08.08"]
[Time "09:30:00"]
[WhiteNrv "1834"]
[BlackNrv "1997"]
[WhiteTwz "1834"]
[BlackTwz "1997"]
[WhiteFideId "16271114"]
[BlackFideId "4638158"]
[WhiteNatFedId "10053132"]
[BlackNatFedId "10068500"]
[WhiteAttr "M"]
[BlackAttr "M"]
[WhiteTeam "SC Bavaria Regensburg vo"]
[BlackTeam "SK Freising"]
[PlyCount "0"]

1.e4 c5 2.Nf3 Nc6 3.Bb5 Nf6 4.Nc3 g6 5.O-O Bg7 6.Re1 O-O 7.h3 Ne8 8.a3 Nc7
9.Bc4 d6 10.d3 a6 11.Ba2 Be6 12.Nd5 Bxd5 13.exd5 Ne5 14.c3 Re8 15.Bf4 
Nxf3+ 16.Qxf3 Qd7 17.Re2 Rab8 18.Rae1 b5 19.Bg5 Bf8 20.b4 cxb4 21.axb4 
Rbc8 22.c4 e6 23.dxe6 Nxe6 24.Be3 Bg7 25.Qg4 Bc3 26.Bd2 Bxd2 27.Rxd2 h5 
28.Qd1 Nd4 29.Re4 Nc6 30.cxb5 axb5 31.Rde2 Rxe4 32.dxe4 Nxb4 33.Bb3 Nc6 
34.Qd5 Ne5 35.Ra2 Qc6 36.Rc2 Qd7 37.Rxc8+ Qxc8 38.Qxd6 Qc1+ 39.Kh2 Qf4+ 
40.Kh1 Qxe4 41.Qb8+ Kg7 42.Qxb5 Qf4 43.Qe2 Qd4 44.Kg1 Qa1+ 45.Kh2 Qd4 46.
Kg1 Qf4 47.Ba2 Qf6 48.Bb3 Nc6 49.Bc4 Qa1+ 50.Kh2 Qf6 51.Kg1 Qa1+ 52.Kh2 
Qf6 1/2-1/2

[Event "29. Friedensfest-Open (AFRO-A)"]
[Site "Augsburg"]
[Date "2024.08.10"]
[Round "5.18"]
[White "Thielke, Pascal"]
[Black "Longo, Massimo"]
[Result "1-0"]
[WhiteElo "1779"]
[BlackElo "1972"]
[EventDate "2024.08.08"]
[Time "09:30:00"]
[WhiteNrv "1779"]
[BlackNrv "1972"]
[WhiteTwz "1779"]
[BlackTwz "1972"]
[WhiteFideId "16241576"]
[BlackFideId "16205227"]
[WhiteNatFedId "10579625"]
[BlackNatFedId "10270052"]
[WhiteAttr "M"]
[BlackAttr "M"]
[WhiteTeam "SF Bad Groenenbach"]
[BlackTeam "SK Graefelfing"]
[PlyCount "0"]

1.e4 e6 2.d4 d5 3.Nc3 Bb4 4.Qd3 dxe4 5.Qxe4 Nf6 6.Qh4 Nc6 7.Nf3 b6 8.Bg5 
Bb7 9.Bd3 Qe7 10.O-O Bxc3 11.bxc3 O-O-O 12.Ne5 h6 13.Bxf6 gxf6 14.Nxc6 
Bxc6 15.Be4 Bxe4 16.Qxe4 Qa3 17.Qa8+ Kd7 18.Qf3 Ke7 19.Rfe1 Qd6 20.Qb7 
Rhg8 21.Qxa7 Ra8 22.Qb7 Ra5 23.Rad1 Rxa2 24.d5 e5 25.Re4 Rd8 26.Rc4 Rd7 
27.g3 c5 28.Qc8 Rxc2 29.Ra4 Rxc3 30.Ra8 Rd8 31.Ra7+ Rd7 32.Rxd7+ Qxd7 33.
d6+ Ke6 34.Qa8 f5 35.f4 Re3 36.Qh8 Re4 37.fxe5 Rxe5 38.Qxh6+ f6 39.Qf8 f4 
40.gxf4 Qa4 41.Qe7+ Kf5 42.Qh7+ Kg4 43.Qd3 Re3 44.Qg6+ Kf3 45.Rf1+ Ke2 46.
Rf2+ 1-0

[Event "29. Friedensfest-Open (AFRO-A)"]
[Site "Augsburg"]
[Date "2024.08.10"]
[Round "5.19"]
[White "Schindler, Alexander"]
[Black "Schwab, Matthias"]
[Result "1/2-1/2"]
[WhiteElo "1956"]
[BlackElo "2105"]
[EventDate "2024.08.08"]
[Time "09:30:00"]
[WhiteNrv "1956"]
[BlackNrv "2105"]
[WhiteTwz "1956"]
[BlackTwz "2105"]
[WhiteFideId "16248295"]
[BlackFideId "24622397"]
[WhiteNatFedId "10270604"]
[BlackNatFedId "10203034"]
[WhiteAttr "M"]
[BlackAttr "M"]
[WhiteTeam "SF Augsburg"]
[BlackTeam "SC Weisse Dame Ulm e.V."]
[PlyCount "0"]

1.e4 c6 2.Nc3 d5 3.Nf3 dxe4 4.Nxe4 Nf6 5.Qe2 Nxe4 6.Qxe4 Be6 7.c4 Nd7 8.h3
Nf6 9.Qc2 g6 10.d3 Bg7 11.Bd2 O-O 12.Bc3 c5 13.g4 Qc7 14.Bg2 Rad8 15.O-O-O
a6 16.Kb1 b5 17.b3 Bc8 18.Nd2 Nd7 19.Bxg7 Kxg7 20.Rhe1 Rfe8 21.Re3 Nb8 22.
Rde1 Kg8 23.Ne4 Bd7 24.h4 bxc4 25.dxc4 Nc6 26.h5 Nd4 27.Qc1 Bc6 28.hxg6 
Bxe4+ 29.Bxe4 fxg6 30.Rh3 e6 31.Reh1 Qe5 32.Bxg6 hxg6 33.Rh8+ Qxh8 34.
Rxh8+ Kxh8 35.Qh6+ Kg8 36.Qxg6+ Kh8 37.Qh6+ 1/2-1/2

[Event "29. Friedensfest-Open (AFRO-A)"]
[Site "Augsburg"]
[Date "2024.08.10"]
[Round "5.20"]
[White "Iberl, Michael"]
[Black "Portnov, Dmitry"]
[Result "0-1"]
[WhiteElo "1953"]
[BlackElo "2011"]
[EventDate "2024.08.08"]
[Time "09:30:00"]
[WhiteNrv "1953"]
[BlackNrv "2011"]
[WhiteTwz "1953"]
[BlackTwz "2011"]
[WhiteFideId "4644085"]
[BlackFideId "34160086"]
[WhiteNatFedId "10091886"]
[BlackNatFedId "10795839"]
[WhiteAttr "M"]
[BlackAttr "M"]
[WhiteTeam "SF Dachau 1932 e.V."]
[BlackTeam "SC Weisse Dame Ulm e.V."]
[PlyCount "0"]

1.d4 d5 2.Bf4 c5 3.e3 Nc6 4.Nf3 Nf6 5.c3 Qb6 6.Qb3 c4 7.Qxb6 axb6 8.Na3 
Ra5 9.Bc7 Ra6 10.Nb5 Bf5 11.Nd2 Bc2 12.Na3 Bf5 13.Naxc4 dxc4 14.Bxc4 Ra8 
15.Bxb6 e6 16.Bc7 Kd7 17.Bg3 Ne4 18.Nxe4 Bxe4 19.f3 Bd5 20.Bxd5 exd5 21.
O-O Bd6 22.Bxd6 Kxd6 23.e4 b5 24.e5+ Kd7 25.a3 f5 26.Rf2 f4 27.Kf1 Ke6 28.
Rd1 Kf5 29.Ke2 Nd8 30.Kd3 h5 31.Re2 Ne6 32.Ra1 g5 33.b3 g4 34.a4 bxa4 35.
Rxa4 Rxa4 36.bxa4 Ra8 37.Ra2 Ng5 38.Ke2 Ra5 39.Ra3 Ne6 40.h4 gxh3 41.gxh3 
Kg5 42.Ra1 Kh4 43.Kf2 Nc7 44.Ke2 Kxh3 45.Rh1+ Kg3 46.Rxh5 Rxa4 47.Rg5+ Kh3
48.Rh5+ Kg3 49.Rg5+ Kh3 50.Rh5+ Kg3 51.Rg5+ Kh4 52.Rg4+ Kh5 53.Rxf4 Nb5 
54.Kd2 Ra2+ 55.Kd3 Ra3 56.Rf6 Rxc3+ 57.Kd2 Rc7 58.Kd3 Rc3+ 59.Kd2 Rc7 60.
Kd3 Ra7 61.e6 Kg5 62.Rf7 Kg6 63.Rd7 Ra3+ 64.Kd2 Nxd4 65.Rxd5 Nxe6 66.Rd3 
Ra4 67.Ke3 Kf5 68.Rd5+ Kf6 69.Rd3 Ke5 70.Rc3 Rb4 71.Ra3 Nd4 72.Ra5+ Nb5 
73.Ra8 Rb3+ 74.Kf2 Nd4 75.Re8+ Kf5 76.Rf8+ Kg5 77.Rg8+ Kf4 78.Rg4+ Ke5 79.
Re4+ Kd5 80.Rf4 Kc4 81.Re4 Kd3 82.Re5 Rb8 83.Re7 Rf8 84.Kg2 Rf6 85.Re8 Rf5
86.Rd8 Rf6 87.Rd7 Ke3 0-1